Fighter Jet Quiz -Hard - Statistics

General Stats
  • This quiz has been taken 284 times
  • The average score is 7 of 12
Answer Stats
Picture Answer % Correct
Me-262
84%
Mig-17 Fresco
84%
Su-33 Flanker
78%
Su-47 Berkut
75%
J-35 Draken
66%
Me-163
62%
Mig-27
52%
Yak-141
50%
Kfir C7
47%
Hawker Hunter
46%
Mitsubishi T-2
43%
Yak-15
35%
No matching quizzes found
Score Distribution
Percent of People with Each Score
Percentile by Number Answered
Your Score History
You have not taken this quiz